Seinfeld Pseudonyms - Statistics

General Stats
  • This quiz has been taken 92 times
  • The average score is 14 of 21
Answer Stats
Hint Answer % Correct
Susie Elaine
88%
Art Vandelay George
88%
Wanda Pepper Elaine
87%
Assman Kramer
86%
Paloma Elaine
85%
Cantstandya George
82%
Nip Elaine
81%
Dr. Martin Van Nostrand Kramer
81%
Dylan Murphy Jerry
73%
Buck Naked George
72%
H. E. Pennypacker Kramer
72%
Biff George
69%
Koko George
68%
Cartwright George
59%
Kel Varnsen Jerry
59%
Colin O'Brien George
58%
Cable Boy Jerry
55%
Mr. Weatherbee George
51%
Hobo Joe Kramer
45%
Professor Highbrow Jerry
33%
Jughead Kramer
32%
No matching quizzes found
Score Distribution
Percent of People with Each Score
Percentile by Number Answered
Your Score History
You have not taken this quiz